000 00630nam a22002177a 4500
999 _c139363
_d139363
005 20221213160038.0
010 _aENG-117989 ENG-135850
020 _a9789380658629
_c295.00
020 _a9789380658629
_c415.00
035 _aEN-101521
035 _aEN-119382
037 _bDBAD/PUB
082 _aN
100 _aKrishnan,P.A.
245 _aThe tigerclaw tree /
_cby P.A. Krishnan
260 _aChennai
_bTranquebar Press
_c1998
270 _aVenkar Towers, 165,P.H. Road Opp Madhuravoyal Municipal Office
_bChennai
_e600095
300 _aiv,323p.
_bGlossary
_c20cm(pbk)
500 _aGlossary
942 _2ddc
_cEN
_hN
_mKRI